Todos los jugadores de la historia de El Barrio en la Kings League - Estadísticas

Estadísticas generales
  • Esta prueba ha sido intentada 9 veces
  • La puntuación promedio es 17 de 52
Estadísticas de respuestas
Competición Jugador % Correcto
Split 1 + Split 5 Cristian Ubón
100%
Split 1 + Split 2 Nico Pareja
89%
Split 2 + Kings Cup + Kingsdom Cup + Split 3 + Split 4 Gilles Vidal
78%
Split 1 + Split 2 Martín Mantovani
78%
Split 2 + Kings Cup + Kingsdom Cup Carlos Torrentbó
67%
Split 2 + Kings Cup + Kingsdom Cup + Split 3 Gerard Nolla
67%
Kings Cup + Kingsdom Cup + Split 3 + Split 4 Gerard Vacas
67%
Split 1 Jacobo Liencres
67%
Split 1 Pablo Beguer
67%
Split 2 + Kings Cup + Kingsdom Cup + Split 3 + Split 4 Pau Fernández
67%
Split 1 Aleix Massegú
56%
Split 2 + Kings Cup + Split 3 + Split 4 Álvaro Arché
56%
Split 1 + Split 3 + Split 4 Oriol Boada
56%
Kings Cup + Kingsdom Cup + Split 3 Gabriel Vidal
44%
Split 5 Hugo Eyre
44%
Split 2 Iván Fajardo
44%
Split 1 + Split 2 Javier Capilla
44%
Split 1 Jordi Ros
44%
Split 1 Papi Gavi
44%
Split 2 Bernat Juárez
33%
Kings Cup + Kingsdom Cup + Split 3 + Split 4 Iker González
33%
Split 5 Marc Pluvins
33%
Kings Cup + Kingsdom Cup + Split 3 + Split 4 + Split 5 Marc Valiente
33%
Split 1 + Kings Cup + Kingsdom Cup + Split 3 + Split 4 Pau "ZZ" Ruiz
33%
Split 5 Rafa Leva
33%
Kings Cup + Kingsdom Cup + Split 3 Xavi Liébanas
33%
Split 2 + Split 3 Iker López
22%
Split 5 Iñaki Villalba
22%
Split 1 José Juan Figueiras
22%
Split 2 Kilian Honorato
22%
Split 2 Marino Gómez
22%
Split 5 Robert Vallribera
22%
Split 5 Román Alegre
22%
Split 1 Victor Baranera
22%
Split 3 Alex García
11%
Split 5 Antoni Hernández
11%
Split 4 Josep Corderas
11%
Split 5 Mark Sorroche
11%
Split 2 Sergui Aguilar
11%
Split 1 Xavi Olaechea
11%
Split 4 Adrià Parra
0%
Split 4 Antonio "Ñito" Martín
0%
Split 3 Fran Fuentes
0%
Split 4 + Split 5 Ian Benamon
0%
Split 1 Jorge Gómez
0%
Split 3 José Manuel Fontcuberta
0%
Kings Cup + Kingsdom Cup Lasha L. Macharashvili
0%
Split 4 Mario "Lepetit" Rodríguez
0%
Split 2 Mauro Alguacil
0%
Split 5 Pablo Saborido
0%
Split 4 Roger Serrano
0%
Split 4 Toni Cunill
0%
No se encontraron pruebas coincidentes
Distribución de puntuación
Porcentaje de gente con cada puntuación
Porcentaje por número respondido
Historial de tus puntuaciones
No has intentado esta prueba.